000 00485nam a2200181Ia 4500
001 8222
005 20260306160553.0
008 260306t2014||||xx |||||||||||||| ||spa||
041 _aESP
082 _a370.15
_bP83
100 _aPozo Municio, Juan Ignacio
_eAUT
245 0 _aPsicología del aprendizaje humano:
_badquisición de conocimiento y cambio personal
260 _c2014
300 _a487 páginas :
_c24 cm.
650 _aGEN
654 _aCED
942 _cLIB
_dJUS
_fJUS
_2ddc
_n
999 _c8222
_d8222